000 00938nam a2200181Ia 4500
008 090124s9999 xx 000 0 und d
082 _b39850
100 _a"चिटणीस ,शुभा"
245 _a अधांतर ते समांतर :डॉ.विजयाराजाध्यक्ष यांचाकथालेखनाचा प्रवा
250 _a0
260 _bशारदा प्रकाशन
_c2003
300 _a152
600 _a"चिटणीस ,शुभा"
630 _a अधांतर ते समांतर :डॉ.विजयाराजाध्यक्ष यांचाकथालेखनाचा प्रवा
700 _a"चिटणीस ,शुभा"
730 _a अधांतर ते समांतर :डॉ.विजयाराजाध्यक्ष यांचाकथालेखनाचा प्रवा
942 _cBOOK
999 _c100906
_d100906